| 000 | 02243nam0a2200373 4500 | ||
|---|---|---|---|
| 001 | RU\NLR\BIBL_A\021950537 | ||
| 005 | 20260407151454.0 | ||
| 010 | _a978-5-902363-16-3 | ||
| 035 | _a(NLR Aleph) 021950537 | ||
| 090 |
_a13212771 _c13212771 |
||
| 100 | _a20230530d2015 |||y0rusy50 ca | ||
| 101 | 0 | _arus | |
| 102 | _aRU | ||
| 105 | _aa z 000zy | ||
| 181 | 0 |
_ai3 _baxxe |
|
| 181 | 0 |
_ab1 _bxb2e |
|
| 182 | 0 | _an | |
| 200 | 1 |
_aВыборг и Монрепо _eфотоальбом _fавтор текста и фотограф: Мысько Андрей Степанович _gвступительная статья: Станковский Виктор Михайлович _g[Галерея Мой Выборг] |
|
| 203 |
_aТекст _aИзображение _bвизуальные _cнепосредственные |
||
| 210 |
_aВыборг _cТуристический центр Эклектика _d2015 |
||
| 215 |
_a131, [1] с. _cцв. ил. _d21 |
||
| 225 | 1 | _aСохраненная культура | |
| 300 | _aАвт. указан на обороте тит.с. На обл. и кор. авт.: А. С. Мысько, М. М. Станковский | ||
| 601 | 0 | 2 |
_a"Парк Монрепо", государственный историко-архитектурный и природный музей-заповедник _cВыборг, город; Ленинградская область _jФотоальбомы _92505254 _3RU\NLR\AUTH\661485575 |
| 607 |
_aВыборг, город (Ленинградская область) _jФотоальбомы _xАрхитектура _9887991 _3RU\NLR\AUTH\66367 |
||
| 686 | 1 | _aЩ113(2Р=Рус)92Выборг я61 | |
| 686 | 1 | _aЩ113(2Р=Рус)92Выборг8"Парк Монрепо" я61 | |
| 700 | 1 |
_aМысько _bА. С. _gАндрей Степанович |
|
| 711 | 0 | 2 |
_a"Парк Монрепо", государственный историко-архитектурный и природный музей-заповедник _cВыборг _3RU\NLR\AUTH\8810091420 _9684090 |
| 712 | 0 | 2 |
_4570 _a"Мой Выборг", галерея _9850411 _3RU\NLR\AUTH\880592445 |
| 942 | _cBOOK | ||
| 980 | _aNB | ||